00621pam a2200205 a 45000010008000000030004000080050017000120080041000290100017000700200015000870400018001020820016001201000026001362450056001622600065002183000024002835040051003076500031003586500026003891995963OSt20230607091150.0900529s1990 enk b 001 0 eng  a 90004869  a0435080474 aDLCcDLCdDLC00a909.82bMAZ1 aMazrui, Ali AlʼAmin.10aCultural forces in world politics /cAli A. Mazrui. aLondon :bJ. Currey ;aPortsmouth, N.H. :bHeinemann,c1990. ax, 262 p. ;c24 cm. aIncludes bibliographical references and index. 0aWorld politicsy1945-1989. 0aPolitics and culture.